000 00613nam a2200217 a 4500
999 _c642
_d642
001 642
003 BD-JhCC
005 20171008115530.0
008 171008s1965 ii |||| |||| 00| 0 eng d
035 _a(BD-JhCC)642
040 _aBD-JhCC
_dBD-JhCC
041 _aeng
082 _a370.954
_bTHO 1965
100 _aThorpe, C. Lloyd
245 _aEducation and the development of Meslim Nationalism in Pre- partition India /
_cC. Lloyd Thorpe
260 _aKarachi :
_bPakistan Historical Society,
_c1965
300 _a90 p. :
_c21 cm.
650 _aIslamic Education
_zIndia
942 _2ddc
_cBK